000 00753nam a22002417a 4500
001 3798
003 FISKH
005 20240508142132.0
008 240508b cb ||||| |||| 00| 0 eng d
040 _aFISK
_beng
_cFISK
_dFISK
050 _aPN6371.S72
082 _2818.5402
100 _aStamper Bauer Judith
_d1947-
245 _a101 super sports jokes /
_cJudith Bauer Stamper
260 _aNew York :
_bScholastic,
_c1983
300 _a152 pages :
_c20 cm
505 _aM
520 _aA collection of jokes and riddles about sports, including "What do you get if you cross a karate expert with a pig? A pork chop."
521 8 _aestimates,
_bLexile NP
700 _aJudith Bauer Stamper
942 _2ddc
_cBK
_n0
999 _c3798
_d3798